Marvel Character Picture Trivia #2 - Statistics

General Stats
  • This quiz has been taken 24 times
  • The average score is 107 of 135
Answer Stats
Question Tile Select % Correct
Select all of the heroes. Yes
100%
Select all of the heroes. Yes
100%
Select all of the heroes. No
100%
Select all of the heroes. No
100%
Select all of the heroes. Yes
100%
Select all of the heroes. No
95%
Select every character with sub-Saharan African ancestry. (In other words, select every character who is Black.) Yes
90%
Select every character with sub-Saharan African ancestry. (In other words, select every character who is Black.) Yes
90%
Select every character with sub-Saharan African ancestry. (In other words, select every character who is Black.) No
90%
Select every character with sub-Saharan African ancestry. (In other words, select every character who is Black.) Yes
90%
Select every character with sub-Saharan African ancestry. (In other words, select every character who is Black.) No
90%
Select every character who is a cyborg. No
90%
Select every character who is a cyborg. Yes
90%
Select every character who is a cyborg. No
90%
Select every character who is a cyborg. No
90%
Select every character who has the name of an animal in their alias/code name. No
90%
Select every character who has the name of an animal in their alias/code name. No
90%
Select every character who has the name of an animal in their alias/code name. No
90%
Select every character who has the name of an animal in their alias/code name. Yes
90%
Select every character who has the name of an animal in their alias/code name. Yes
90%
Select every character with a color in their alias/code name. Yes
90%
Select every character with a color in their alias/code name. Yes
90%
Select every character with a color in their alias/code name. No
90%
Select every character with a color in their alias/code name. No
90%
Select every character with a color in their alias/code name. No
90%
Select every female character. No
90%
Select every female character. No
90%
Select every female character. Yes
90%
Select every female character. No
90%
Select every female character. Yes
90%
Select every female character. Yes
90%
Select every female character. No
90%
Select every character with wings. Yes
90%
Select every character with wings. Yes
90%
Select every character with wings. Yes
90%
Select every character with wings. Yes
90%
Select every character with wings. No
90%
Select every character with wings. No
90%
Select every character with wings. No
90%
Select every character with wings. No
90%
Select all of the villains. Yes
90%
Select all of the villains. No
90%
Select all of the villains. No
90%
Select all of the villains. No
90%
Select all of the villains. Yes
90%
Select every character whose alias/code name begins with 'W'. Yes
90%
Select every character whose alias/code name begins with 'W'. No
90%
Select every character whose alias/code name begins with 'W'. No
90%
Select every character whose alias/code name begins with 'W'. No
90%
Select every character whose alias/code name ends with 'Man' or 'Woman'. Yes
90%
Select every character whose alias/code name ends with 'Man' or 'Woman'. No
90%
Select every character whose alias/code name ends with 'Man' or 'Woman'. No
90%
Select every character whose powers involve/include reality warping. No
90%
Select every character whose powers involve/include reality warping. No
90%
Select every character who is known to use some sort of gun(s). No
90%
Select every character who is known to use some sort of gun(s). No
90%
Select every character who is known to use some sort of gun(s). Yes
90%
Select every character who is known to use some sort of gun(s). No
90%
Select every character who is known to use some sort of gun(s). No
90%
Select every character who is known to use some sort of gun(s). Yes
90%
Select every character who is known to use some sort of gun(s). No
90%
Select every character who is known to use some sort of gun(s). Yes
90%
Select every character with telepathic powers. No
90%
Select all of the heroes. Yes
85%
Select all of the heroes. No
85%
Select every character with sub-Saharan African ancestry. (In other words, select every character who is Black.) No
85%
Select every character who is a cyborg. Yes
85%
Select every character who is a cyborg. Yes
85%
Select every character who has the name of an animal in their alias/code name. No
85%
Select every character who has the name of an animal in their alias/code name. Yes
85%
Select every female character. No
85%
Select every character with wings. Yes
85%
Select all of the villains. Yes
85%
Select all of the villains. Yes
85%
Select every character whose alias/code name ends with 'Man' or 'Woman'. Yes
85%
Select every character whose alias/code name ends with 'Man' or 'Woman'. No
85%
Select every character whose alias/code name ends with 'Man' or 'Woman'. No
85%
Select every character whose powers involve/include reality warping. Yes
85%
Select every character who is known to use some sort of gun(s). Yes
85%
Select every character with telepathic powers. No
85%
Select all of the heroes. Yes
80%
Select every character with Jewish ancestry. No
80%
Select every character with Jewish ancestry. No
80%
Select every character with Jewish ancestry. No
80%
Select every character with a color in their alias/code name. Yes
80%
Select every character whose alias/code name begins with 'W'. Yes
80%
Select every character whose alias/code name ends with 'Man' or 'Woman'. Yes
80%
Select every character whose powers involve/include reality warping. No
80%
Select every character whose powers involve/include reality warping. Yes
80%
Select every character with telepathic powers. No
80%
Select every character with telepathic powers. No
80%
Select every character who has the name of an animal in their alias/code name. Yes
75%
Select every character who has the name of an animal in their alias/code name. Yes
75%
Select every character with Jewish ancestry. Yes
75%
Select every character with a color in their alias/code name. Yes
75%
Select every character with a color in their alias/code name. No
75%
Select every character whose alias/code name begins with 'W'. No
75%
Select every character whose alias/code name ends with 'Man' or 'Woman'. Yes
75%
Select every character whose powers involve/include reality warping. Yes
75%
Select every character with telepathic powers. No
75%
Select every character with sub-Saharan African ancestry. (In other words, select every character who is Black.) No
70%
Select every character who is a cyborg. No
70%
Select every character who is a cyborg. Yes
70%
Select every character who is a cyborg. No
70%
Select every female character. Yes
70%
Select every character whose alias/code name begins with 'W'. Yes
70%
Select every character whose powers involve/include reality warping. No
70%
Select every character who made their first proper appearance in the 1960's. Yes
70%
Select every character with telepathic powers. Yes
70%
Select every character with Jewish ancestry. No
65%
Select every character whose alias/code name ends with 'Man' or 'Woman'. Yes
65%
Select every character who made their first proper appearance in the 1960's. Yes
65%
Select every character with telepathic powers. Yes
65%
Select every character with sub-Saharan African ancestry. (In other words, select every character who is Black.) Yes
60%
Select every character with a color in their alias/code name. Yes
60%
Select every character whose alias/code name begins with 'W'. Yes
60%
Select every character whose powers involve/include reality warping. Yes
60%
Select every character whose powers involve/include reality warping. No
60%
Select every character who made their first proper appearance in the 1960's. No
60%
Select every character who made their first proper appearance in the 1960's. No
60%
Select every character who made their first proper appearance in the 1960's. Yes
60%
Select every character who made their first proper appearance in the 1960's. No
60%
Select every character with Jewish ancestry. Yes
55%
Select every character with Jewish ancestry. No
55%
Select every character who made their first proper appearance in the 1960's. No
55%
Select every character with Jewish ancestry. Yes
50%
Select every character with Jewish ancestry. Yes
50%
Select all of the villains. No
45%
Select all of the villains. Yes
45%
Select every character whose alias/code name begins with 'W'. Yes
45%
Select every character who made their first proper appearance in the 1960's. Yes
40%
Select every character who made their first proper appearance in the 1960's. Yes
40%
Select every character with sub-Saharan African ancestry. (In other words, select every character who is Black.) Yes
35%
Select every character with telepathic powers. No
15%
Select every character with telepathic powers. Yes
10%
No matching quizzes found
Score Distribution
Percent of People with Each Score
Percentile by Number Answered
Your Score History
You have not taken this quiz